000 01672nam2a22003971 4500
001 v19\rc\1537337
005 20060620131842.4
035 _a(NLR Aleph) 004655958
090 _a3485619
_c3485619
100 _a20060620d1888 |||y0rusy50 ca
101 0 _arus
102 _aRU
105 _ay ac |||||
200 1 _aБиблиографический указатель произведений А.Н. Серова
215 _a51 с.
311 _aПрил. к № 5-6 журн. "Библиограф" 1888 г.
316 _aЭкз. РНБ (993П/Б-59): приплетены к журн. ... 1888, № 5/6, № 12
_5NLR: 993П/Б-59
422 0 _12001#$aБиблиограф$v1888, № 5-6
461 0 _1001v19\rc\1537336
_12001#$aАлександр Николаевич Серов$fСост. А[натолий] Е. Молчанов. [Вып.] 1-2$v[Вып.] 1
_1700#1$aМолчанов$bА.Е.$f1856-1921$gАнатолий Евграфович$4220
482 0 _12001#$aБиблиограф$v1888, № 5/6, № 12
532 1 0 _aБиблиографический указатель произведений Александра Николаевича Серова
702 1 _aСеров
_bА. Н.
_f1820-1871
_gАлександр Николаевич
_4570
801 0 _aRU
_bNLR
_gpsbo
801 0 _aRU
_bRuMoRGB
_2psbo
801 1 _aRU
_bProSoft-M
_2rusmarc
852 _aNLR
_j18.253.1.38
852 _aNLR
_j641/С32-1
852 _aNLR
_j993П/Б-59
899 _aRuMoRGB
_jA 156/438
899 _aRuMoRGB
_jU 175/1063
899 _aRuMoRGB
_jМК
899 _aБАН
899 _aНБ СПбГУ
899 _aГПИБ
942 _cBOOK
980 _aNB